All American Athletic Conference Teams - Statistics

General Stats
  • This quiz has been taken 57 times
  • The average score is 11 of 14
Answer Stats
Hint Answer % Correct
Black Knights Army
91%
Midshipmen Navy
91%
Mean Green North Texas
91%
Green Wave Tulane
91%
49ers Charlotte
87%
Owls Florida Atlantic
78%
Owls Temple
78%
Tigers Memphis
74%
Roadrunners UTSA
74%
Owls Rice
70%
Golden Hurricane Tulsa
70%
Blazers UAB
70%
Pirates East Carolina
65%
Bulls South Florida
65%
No matching quizzes found
Score Distribution
Percent of People with Each Score
Percentile by Number Answered
Your Score History
You have not taken this quiz